[Event "Dutch Open-ch 2019"]
[Site "Dieren"]
[Date "2019.07.26"]
[Round "4.7"]
[White "Zwirs, Nico"]
[Black "Das, Arghyadip"]
[Result "1/2-1/2"]
[WhiteElo "2380"]
[BlackElo "2439"]
[Annotator "NA"]
[PlyCount "82"]
[EventDate "2019.07.23"]
[EventType "swiss"]
[EventCountry "NED"]
[SourceTitle "playchess.com"]
[Source "ChessBase"]
[SourceQuality "1"]
[TimeControl "40/5400+30:1800+30"]

1. e4 {[%emt 0:00:00]} e5 {[%emt 0:00:00]} 2. Nf3 {[%emt 0:00:00]} Nc6 {[%emt 0:00:00]} 3. Nc3 {[%emt 0:04:36]} Nf6 {[%emt 0:00:09]} 4. d4 {[%emt 0:00:12]} exd4 {[%emt 0:00:45]} 5. Nxd4 {[%emt 0:00:16]} Bc5 $11 {[%emt 0:05:29]} 6. Be3 {[%emt 0:02:42]} Bb6 {[%emt 0:00:04]} 7. Qd2 {[%emt 0:05:19]} O-O {[%emt 0:08:44]} 8. O-O-O {[%emt 0:02:11]} Re8 {[%emt 0:09:50]} 9. f3 {[%emt 0:00:50]} d5 {[%emt 0:10:34]} 10. exd5 {[%emt 0:10:37]} Nxd5 {[%emt 0:06:14]} 11. Bg5 {[%emt 0:02:35]} f6 {[%emt 0:17:26]} 12. Bc4 {[%emt 0:02:10]} Nxd4 {[%emt 0:01:34]} 13. Nxd5 {[%emt 0:03:04]} Be6 {[%emt 0:06:39]} 14. Nxb6 {[%emt 0:38:11]} axb6 {[%emt 0:03:09]} 15. Qxd4 {[%emt 0:00:12]} Qxd4 {[%emt 0:00:42]} 16. Bxe6+ {[%emt 0:00:08]} Rxe6 {[%emt 0:00:03]} 17. Rxd4 {[%emt 0:00:07]} fxg5 {[%emt 0:00:42]} 18. a3 {[%emt 0:00:08]} Rae8 {[%emt 0:07:05]} 19. Rhd1 {[%emt 0:00:48]} Kf7 {[%emt 0:01:04]} 20. Rd7+ {[%emt 0:01:14]} R8e7 {[%emt 0:00:37]} 21. Rxe7+ {[%emt 0:02:27]} Kxe7 {[%emt 0:19:40]} 22. Rd5 {[%emt 0:00:10]} h6 {[%emt 0:00:00]} 23. Kd2 {[%emt 0:04:32]} Rf6 {[%emt 0:00:00]} 24. Re5+ {[%emt 0:01:32]} Kf7 {[%emt 0:00:00]} 25. b3 {[%emt 0:04:28]} Rd6+ {[%emt 0:00:00]} 26. Ke2 {[%emt 0:00:08]} Rc6 {[%emt 0:00:00]} 27. Kd2 {[%emt 0:01:16]} Rd6+ {[%emt 0:00:00]} 28. Ke2 {[%emt 0:00:05]} Rc6 {[%emt 0:00:00]} 29. c4 {[%emt 0:00:47]} Re6 {[%emt 0:00:09]} 30. Rxe6 {[%emt 0:01:52]} Kxe6 {[%emt 0:00:01]} 31. Ke3 {[%emt 0:00:13]} Ke5 {[%emt 0:00:10]} 32. g3 {[%emt 0:00:26]} c6 {[%emt 0:00:38]} 33. Kd3 {[%emt 0:05:05]} c5 {[%emt 0:00:54]} 34. Ke3 {[%emt 0:00:09]} Kf5 {[%emt 0:00:24]} 35. h3 {[%emt 0:05:24]} Ke5 {[%emt 0:02:04]} 36. Kd3 {[%emt 0:00:20]} Kf5 {[%emt 0:00:11]} 37. Ke3 {[%emt 0:01:34]} Ke5 {[%emt 0:00:00]} 38. Kd3 {[%emt 0:00:16]} Kf5 {[%emt 0:00:04]} 39. Ke2 {[%emt 0:00:46]} Ke6 {[%emt 0:01:32]} 40. Kf2 {[%emt 0:02:02]} Kf5 {[%emt 0:00:19]} 41. Ke3 {[%emt 0:17:03]} Ke5 {[%emt 0:33:34]} 1/2-1/2

[Event "Dutch Open-ch 2019"]
[Site "Dieren"]
[Date "2019.07.26"]
[Round "4.8"]
[White "Lahaye, Rick"]
[Black "Konings, Frans"]
[Result "1-0"]
[WhiteElo "2421"]
[BlackElo "2208"]
[Annotator "NA"]
[PlyCount "55"]
[EventDate "2019.07.23"]
[EventType "swiss"]
[EventCountry "NED"]
[SourceTitle "playchess.com"]
[Source "ChessBase"]
[SourceQuality "1"]
[TimeControl "40/5400+30:1800+30"]

1. e3 {[%emt 0:00:00]} d5 {[%emt 0:01:03]} 2. Nf3 {[%emt 0:00:00]} Nf6 {[%emt 0:00:36]} 3. b3 {[%emt 0:00:15]} e6 {[%emt 0:00:12]} 4. Bb2 {[%emt 0:00:06]} Be7 {[%emt 0:00:04]} 5. c4 {[%emt 0:00:10]} O-O {[%emt 0:00:36]} 6. Qc2 {[%emt 0:00:36]} b6 {[%emt 0:00:36]} 7. Be2 {[%emt 0:05:20]} Bb7 {[%emt 0:00:27]} 8. d3 {[%emt 0:01:03]} c5 {[%emt 0:00:31]} 9. Nbd2 {[%emt 0:00:36]} Nc6 {[%emt 0:00:13]} 10. a3 $15 {[%emt 0:00:45]} Nd7 {[%emt 0:07:18]} 11. cxd5 {[%emt 0:02:06]} exd5 {[%emt 0:00:06]} 12. d4 {[%emt 0:00:04]} cxd4 {[%emt 0:02:13]} 13. Nxd4 {[%emt 0:00:56]} Nxd4 {[%emt 0:00:40]} 14. Bxd4 {[%emt 0:00:15]} Bf6 {[%emt 0:01:46]} 15. Nf3 {[%emt 0:00:11]} Rc8 {[%emt 0:01:26]} 16. Qb2 {[%emt 0:01:01]} Qe7 {[%emt 0:00:46]} 17. O-O {[%emt 0:00:34]} Bxd4 {[%emt 0:01:37]} 18. Nxd4 {[%emt 0:00:15]} g6 {[%emt 0:01:03]} 19. Bg4 {[%emt 0:07:22]} f5 {[%emt 0:01:37]} 20. Bf3 {[%emt 0:01:40]} Ne5 {[%emt 0:02:07]} 21. Be2 {[%emt 0:03:23]} f4 {[%emt 0:03:10]} 22. exf4 {[%emt 0:01:58]} Rxf4 {[%emt 0:00:05]} 23. Rad1 {[%emt 0:09:51]} Nc6 {[%emt 0:09:45]} 24. Nxc6 {[%emt 0:01:21]} Bxc6 {[%emt 0:00:24]} 25. g3 {[%emt 0:00:48]} Rf6 {[%emt 0:03:27]} 26. Bg4 {[%emt 0:13:51]} Re8 {[%emt 0:03:18]} 27. Rde1 {[%emt 0:01:45]} Qxe1 {[%emt 0:00:55]} 28. Qxf6 {[%emt 0:00:16]} 1-0

[Event "Dutch Open-ch 2019"]
[Site "Dieren"]
[Date "2019.07.26"]
[Round "4.9"]
[White "Maatman, Nick"]
[Black "Baselmans, Sam"]
[Result "1/2-1/2"]
[WhiteElo "2407"]
[BlackElo "2064"]
[Annotator "NA"]
[PlyCount "57"]
[EventDate "2019.07.23"]
[EventType "swiss"]
[EventCountry "NED"]
[SourceTitle "playchess.com"]
[Source "ChessBase"]
[SourceQuality "1"]
[TimeControl "40/5400+30:1800+30"]

1. d4 {[%emt 0:06:46]} Nf6 {[%emt 0:00:00]} 2. c4 {[%emt 0:00:05]} g6 {[%emt 0:00:00]} 3. Nc3 {[%emt 0:00:02]} Bg7 {[%emt 0:00:00]} 4. e4 {[%emt 0:00:02]} d6 {[%emt 0:00:00]} 5. Be2 {[%emt 0:00:03]} O-O {[%emt 0:00:18]} 6. Nf3 {[%emt 0:00:02]} Na6 {[%emt 0:00:10]} 7. O-O {[%emt 0:04:05]} e5 {[%emt 0:00:05]} 8. Re1 {[%emt 0:00:08]} exd4 {[%emt 0:06:10]} 9. Nxd4 {[%emt 0:00:59]} Nc5 {[%emt 0:00:06]} 10. Bf1 {[%emt 0:07:22]} Re8 {[%emt 0:00:30]} 11. f3 {[%emt 0:01:17]} c6 {[%emt 0:13:23]} 12. Be3 {[%emt 0:08:57]} Be6 {[%emt 0:04:13]} 13. Qd2 {[%emt 0:04:07]} Qc7 $16 {[%emt 0:01:28]} 14. Rad1 {[%emt 0:04:02]} Rad8 {[%emt 0:01:03]} 15. Qf2 {[%emt 0:00:14]} Bc8 {[%emt 0:04:08]} 16. Nc2 {[%emt 0:15:58]} Ncd7 {[%emt 0:05:00]} 17. Bf4 {[%emt 0:05:28]} Ne5 {[%emt 0:02:54]} 18. Qxa7 {[%emt 0:01:07]} Be6 {[%emt 0:03:45]} 19. Na3 {[%emt 0:09:31]} Nh5 {[%emt 0:05:21]} 20. Bg5 {[%emt 0:08:01]} f6 {[%emt 0:02:33]} 21. Be3 {[%emt 0:02:31]} Qf7 {[%emt 0:00:19]} 22. Qa4 {[%emt 0:04:46]} f5 {[%emt 0:02:13]} 23. exf5 {[%emt 0:01:51]} gxf5 {[%emt 0:00:41]} 24. Qc2 {[%emt 0:02:11]} Rd7 {[%emt 0:07:23]} 25. b3 {[%emt 0:00:40]} f4 {[%emt 0:01:12]} 26. Bf2 {[%emt 0:01:33]} Bf5 {[%emt 0:00:16]} 27. Qd2 {[%emt 0:02:35]} Qg6 {[%emt 0:02:26]} 28. Kh1 {[%emt 0:00:05]} Bh6 {[%emt 0:03:08]} 29. Ne4 {[%emt 0:02:11]} 1/2-1/2

[Event "Dutch Open-ch 2019"]
[Site "Dieren"]
[Date "2019.07.26"]
[Round "4.10"]
[White "Evengroen, Henk-Jan"]
[Black "Maris, Ivo"]
[Result "0-1"]
[WhiteElo "2176"]
[BlackElo "2399"]
[Annotator "NA"]
[PlyCount "42"]
[EventDate "2019.07.23"]
[EventType "swiss"]
[EventCountry "NED"]
[SourceTitle "playchess.com"]
[Source "ChessBase"]
[SourceQuality "1"]
[TimeControl "40/5400+30:1800+30"]

1. d4 {[%emt 0:00:00]} d6 {[%emt 1:30:30]} 2. c4 {[%emt 0:00:00]} e5 {[%emt 0:00:00]} 3. Nc3 {[%emt 0:00:00]} g6 {[%emt 0:00:00]} 4. Nf3 {[%emt 0:00:10]} Nd7 {[%emt 0:00:00]} 5. d5 $11 {[%emt 0:11:25]} a5 {[%emt 0:00:00]} 6. Qa4 {[%emt 0:15:48]} Bg7 {[%emt 0:00:00]} 7. c5 {[%emt 0:02:42]} dxc5 {[%emt 0:00:00]} 8. Bg5 {[%emt 0:12:03]} Ngf6 {[%emt 0:00:00]} 9. Nxe5 {[%emt 0:02:25]} O-O {[%emt 0:00:00]} 10. Nxd7 {[%emt 0:07:22]} Qxd7 {[%emt 0:00:00]} 11. Qxd7 {[%emt 0:05:06]} Bxd7 {[%emt 0:00:00]} 12. g3 {[%emt 0:01:41]} b5 {[%emt 0:00:00]} 13. Bg2 {[%emt 0:06:10]} Rfe8 {[%emt 0:00:00]} 14. O-O {[%emt 0:11:08]} b4 {[%emt 0:00:00]} 15. Bxf6 {[%emt 0:00:06]} Bxf6 {[%emt 0:00:00]} 16. Ne4 {[%emt 0:01:51]} Bxb2 {[%emt 0:00:00]} 17. Rad1 {[%emt 0:00:05]} c4 {[%emt 0:00:00]} 18. d6 {[%emt 0:04:42]} cxd6 {[%emt 0:00:00]} 19. Rxd6 {[%emt 0:05:31]} Be6 {[%emt 0:00:00]} 20. Rc6 {[%emt 0:01:03]} c3 {[%emt 0:00:00]} 21. Rxe6 {[%emt 0:03:15]} Rxe6 {[%emt 0:00:00]} 0-1

[Event "Dutch Open-ch 2019"]
[Site "Dieren"]
[Date "2019.07.26"]
[Round "4.11"]
[White "Odendahl, Reiner"]
[Black "Van Helvoort, Rob"]
[Result "1-0"]
[WhiteElo "2352"]
[BlackElo "2104"]
[Annotator "NA"]
[PlyCount "77"]
[EventDate "2019.07.23"]
[EventType "swiss"]
[EventCountry "NED"]
[SourceTitle "playchess.com"]
[Source "ChessBase"]
[SourceQuality "1"]
[TimeControl "40/5400+30:1800+30"]

1. c4 {[%emt 0:00:00]} c5 {[%emt 0:00:00]} 2. g3 {[%emt 0:00:00]} g6 {[%emt 0:00:00]} 3. Bg2 {[%emt 0:00:00]} Bg7 {[%emt 0:00:00]} 4. Nf3 {[%emt 0:00:13]} Nc6 {[%emt 0:00:01]} 5. O-O {[%emt 0:00:11]} d6 {[%emt 0:00:12]} 6. Nc3 {[%emt 0:00:19]} Bf5 {[%emt 0:00:18]} 7. d3 {[%emt 0:03:11]} Qd7 {[%emt 0:00:24]} 8. Re1 {[%emt 0:00:47]} Bh3 {[%emt 0:00:12]} 9. Bh1 {[%emt 0:00:16]} h6 {[%emt 0:00:15]} 10. Rb1 $11 {[%emt 0:03:50]} e6 {[%emt 0:01:49]} 11. Bd2 {[%emt 0:03:18]} Nge7 {[%emt 0:01:05]} 12. a3 {[%emt 0:03:43]} g5 {[%emt 0:00:45]} 13. Qa4 {[%emt 0:09:11]} O-O {[%emt 0:15:04]} 14. b4 {[%emt 0:03:17]} Rac8 {[%emt 0:07:17]} 15. bxc5 {[%emt 0:07:44]} dxc5 {[%emt 0:00:01]} 16. Qb5 {[%emt 0:00:23]} b6 {[%emt 0:00:18]} 17. a4 {[%emt 0:00:11]} Nf5 {[%emt 0:05:26]} 18. a5 {[%emt 0:15:30]} Nd6 {[%emt 0:01:21]} 19. Qa4 {[%emt 0:00:58]} bxa5 {[%emt 0:03:27]} 20. Rec1 {[%emt 0:06:18]} f5 {[%emt 0:08:02]} 21. Be3 {[%emt 0:03:59]} Bxc3 {[%emt 0:02:36]} 22. Rxc3 {[%emt 0:00:08]} Nd4 {[%emt 0:00:20]} 23. Qd1 {[%emt 0:00:53]} f4 {[%emt 0:24:51]} 24. Bxd4 {[%emt 0:04:12]} cxd4 {[%emt 0:00:07]} 25. Ra3 {[%emt 0:00:21]} Rc5 {[%emt 0:06:18]} 26. Qe1 {[%emt 0:02:09]} g4 {[%emt 0:12:16]} 27. Nh4 {[%emt 0:02:57]} Qf7 {[%emt 0:00:52]} 28. Rba1 {[%emt 0:01:17]} Nf5 {[%emt 0:02:27]} 29. Ng2 {[%emt 0:01:14]} Bxg2 {[%emt 0:01:49]} 30. Bxg2 {[%emt 0:00:29]} f3 {[%emt 0:00:46]} 31. Bf1 {[%emt 0:16:28]} Ne3 {[%emt 0:00:45]} 32. R1a2 {[%emt 0:02:43]} Rf5 {[%emt 0:00:30]} 33. exf3 {[%emt 0:00:56]} gxf3 {[%emt 0:04:07]} 34. Rxa5 {[%emt 0:01:01]} Rxa5 {[%emt 0:00:35]} 35. Rxa5 {[%emt 0:00:51]} Nxf1 {[%emt 0:00:06]} 36. Qxf1 {[%emt 0:01:49]} Rb8 {[%emt 0:00:38]} 37. h4 {[%emt 0:00:38]} Rb2 {[%emt 0:01:48]} 38. Qc1 {[%emt 0:01:37]} Qc7 {[%emt 0:00:32]} 39. Rh5 {[%emt 0:00:00]} 1-0

[Event "Dutch Open-ch 2019"]
[Site "Dieren"]
[Date "2019.07.26"]
[Round "4.12"]
[White "Nair, Sanjeev"]
[Black "Grooten, Herman"]
[Result "0-1"]
[WhiteElo "2045"]
[BlackElo "2310"]
[Annotator "NA"]
[PlyCount "142"]
[EventDate "2019.07.23"]
[EventType "swiss"]
[EventCountry "NED"]
[SourceTitle "playchess.com"]
[Source "ChessBase"]
[SourceQuality "1"]
[TimeControl "40/5400+30:1800+30"]

1. e4 {[%emt 0:00:00]} c5 {[%emt 0:00:00]} 2. Nf3 {[%emt 0:00:00]} e6 {[%emt 0:00:00]} 3. d4 {[%emt 0:00:00]} cxd4 {[%emt 0:00:00]} 4. Nxd4 {[%emt 0:00:00]} a6 {[%emt 0:00:04]} 5. Nc3 {[%emt 0:00:12]} Qc7 {[%emt 0:00:20]} 6. Bd3 {[%emt 0:00:29]} Nf6 {[%emt 0:00:48]} 7. O-O {[%emt 0:00:55]} d6 {[%emt 0:01:23]} 8. f4 {[%emt 0:02:21]} Nbd7 {[%emt 0:01:55]} 9. Kh1 $11 {[%emt 0:02:36]} b5 {[%emt 0:02:14]} 10. a3 {[%emt 0:04:05]} Bb7 {[%emt 0:00:29]} 11. Qe2 {[%emt 0:00:21]} g6 {[%emt 0:04:37]} 12. f5 {[%emt 0:06:14]} e5 {[%emt 0:03:06]} 13. Ne6 {[%emt 0:01:16]} fxe6 {[%emt 0:03:04]} 14. fxe6 {[%emt 0:00:08]} Bg7 {[%emt 0:00:35]} 15. exd7+ {[%emt 0:10:52]} Qxd7 {[%emt 0:00:18]} 16. a4 {[%emt 0:14:55]} b4 {[%emt 0:02:01]} 17. Na2 {[%emt 0:05:55]} a5 {[%emt 0:06:44]} 18. Bc4 {[%emt 0:02:26]} d5 {[%emt 0:05:26]} 19. Bb5 {[%emt 0:10:00]} Bc6 {[%emt 0:00:08]} 20. exd5 {[%emt 0:00:05]} Bxb5 {[%emt 0:11:22]} 21. Qxe5+ {[%emt 0:00:52]} Qe7 {[%emt 0:00:09]} 22. Qxe7+ {[%emt 0:06:43]} Kxe7 {[%emt 0:00:08]} 23. axb5 {[%emt 0:00:04]} Nxd5 {[%emt 0:03:52]} 24. c4 {[%emt 0:06:52]} bxc3 {[%emt 0:04:58]} 25. Nxc3 {[%emt 0:00:23]} Nxc3 {[%emt 0:01:00]} 26. bxc3 {[%emt 0:00:07]} Bxc3 {[%emt 0:01:48]} 27. Ba3+ {[%emt 0:01:33]} Ke6 {[%emt 0:00:45]} 28. Rac1 {[%emt 0:05:15]} Rhc8 {[%emt 0:46:46]} 29. Rf3 {[%emt 0:03:21]} Bb4 {[%emt 0:00:00]} 30. Rd1 {[%emt 0:01:45]} Rc5 {[%emt 0:00:00]} 31. b6 {[%emt 0:03:24]} Rb8 {[%emt 0:00:00]} 32. Bb2 {[%emt 0:01:00]} Rb7 {[%emt 0:00:00]} 33. g4 {[%emt 0:02:13]} Rc8 {[%emt 0:00:00]} 34. Rf6+ {[%emt 0:06:31]} Ke7 {[%emt 0:00:00]} 35. Rdf1 {[%emt 0:01:36]} Ke8 {[%emt 0:00:00]} 36. g5 {[%emt 0:02:51]} Rc2 {[%emt 0:00:00]} 37. Be5 {[%emt 0:00:37]} Be7 {[%emt 0:00:00]} 38. Rf7 {[%emt 0:00:31]} Rxb6 {[%emt 0:00:00]} 39. Rxh7 {[%emt 0:00:15]} Bxg5 {[%emt 0:00:00]} 40. Bd4 {[%emt 0:00:44]} Re6 {[%emt 0:00:00]} 41. Rb1 {[%emt 0:06:05]} Rc1+ {[%emt 0:00:00]} 42. Rxc1 {[%emt 0:00:06]} Bxc1 {[%emt 0:00:00]} 43. Ra7 {[%emt 0:00:42]} Bd2 {[%emt 0:00:00]} 44. Kg2 {[%emt 0:01:02]} Kd8 {[%emt 0:00:00]} 45. Kf3 {[%emt 0:02:03]} Kc8 {[%emt 0:00:00]} 46. Bc5 {[%emt 0:05:42]} Kb8 {[%emt 0:00:00]} 47. Rd7 {[%emt 0:01:25]} Bb4 {[%emt 0:00:00]} 48. Bd4 {[%emt 0:02:13]} a4 {[%emt 0:00:00]} 49. Rd5 {[%emt 0:06:18]} Kc7 {[%emt 0:00:00]} 50. Rb5 {[%emt 0:00:28]} Be7 {[%emt 0:00:00]} 51. Ra5 {[%emt 0:02:24]} a3 {[%emt 0:00:14]} 52. h4 {[%emt 0:03:30]} Kb7 {[%emt 0:08:55]} 53. Ra7+ {[%emt 0:00:50]} Kc6 {[%emt 0:00:22]} 54. Ra5 {[%emt 0:00:54]} Bb4 {[%emt 0:00:49]} 55. Ra8 {[%emt 0:02:17]} Kd5 {[%emt 0:00:32]} 56. Ba1 {[%emt 0:02:00]} Kc4 {[%emt 0:00:26]} 57. Kf4 {[%emt 0:00:19]} Re1 {[%emt 0:02:36]} 58. Bf6 {[%emt 0:00:21]} Rf1+ {[%emt 0:03:16]} 59. Kg5 {[%emt 0:00:22]} Rg1+ {[%emt 0:00:30]} 60. Kh6 {[%emt 0:00:24]} Kb3 {[%emt 0:00:41]} 61. Ra7 {[%emt 0:01:06]} a2 {[%emt 0:03:45]} 62. Bd4 {[%emt 0:00:19]} Rg4 {[%emt 0:00:44]} 63. Bf6 {[%emt 0:00:20]} Be1 {[%emt 0:02:03]} 64. Rb7+ {[%emt 0:00:42]} Rb4 {[%emt 0:00:47]} 65. Ra7 {[%emt 0:00:40]} Bxh4 {[%emt 0:00:30]} 66. Ba1 {[%emt 0:00:30]} Bf2 {[%emt 0:02:54]} 67. Rd7 {[%emt 0:00:30]} Rb6 {[%emt 0:00:35]} 68. Kg5 {[%emt 0:00:30]} Be3+ {[%emt 0:00:07]} 69. Kg4 {[%emt 0:00:08]} Bc1 {[%emt 0:00:34]} 70. Rd3+ {[%emt 0:00:47]} Kc2 {[%emt 0:00:17]} 71. Rh3 {[%emt 0:00:28]} Rb4+ {[%emt 0:00:14]} 0-1

[Event "Dutch Open-ch 2019"]
[Site "Dieren"]
[Date "2019.07.26"]
[Round "4.13"]
[White "Sharma, Dinesh K."]
[Black "Ypma, Jord"]
[Result "1-0"]
[WhiteElo "2299"]
[BlackElo "1968"]
[Annotator "NA"]
[PlyCount "73"]
[EventDate "2019.07.23"]
[EventType "swiss"]
[EventCountry "NED"]
[SourceTitle "playchess.com"]
[Source "ChessBase"]
[SourceQuality "1"]
[TimeControl "40/5400+30:1800+30"]

1. d4 {[%emt 0:00:00]} d5 {[%emt 0:00:00]} 2. c4 {[%emt 0:00:00]} c6 {[%emt 0:00:24]} 3. Nf3 {[%emt 0:00:03]} Nf6 {[%emt 0:00:31]} 4. e3 {[%emt 0:00:02]} Bf5 {[%emt 0:00:48]} 5. cxd5 $11 {[%emt 0:00:08]} cxd5 {[%emt 0:02:25]} 6. Nc3 {[%emt 0:00:04]} Nc6 {[%emt 0:16:24]} 7. Ne5 {[%emt 0:03:09]} e6 {[%emt 0:09:02]} 8. g4 {[%emt 0:01:37]} Be4 {[%emt 0:03:43]} 9. f3 {[%emt 0:03:04]} Bg6 {[%emt 0:00:18]} 10. h4 {[%emt 0:00:03]} h6 {[%emt 0:02:27]} 11. Nxg6 {[%emt 0:01:34]} fxg6 {[%emt 0:00:04]} 12. Bd3 {[%emt 0:01:49]} Bd6 {[%emt 0:02:34]} 13. Bxg6+ {[%emt 0:00:53]} Ke7 {[%emt 0:00:00]} 14. Kf2 {[%emt 0:14:20]} a6 {[%emt 0:06:55]} 15. Kg2 {[%emt 0:02:06]} Qb6 {[%emt 0:03:22]} 16. Bd2 {[%emt 0:06:20]} Raf8 {[%emt 0:02:22]} 17. Na4 {[%emt 0:01:48]} Qc7 {[%emt 0:02:50]} 18. Rc1 {[%emt 0:00:49]} Nd7 {[%emt 0:06:31]} 19. f4 {[%emt 0:03:24]} Rf6 {[%emt 0:02:17]} 20. Bd3 {[%emt 0:01:11]} Rff8 {[%emt 0:06:38]} 21. Bg6 {[%emt 0:08:17]} Rf6 {[%emt 0:01:03]} 22. Qc2 {[%emt 0:00:26]} Qd8 {[%emt 0:06:07]} 23. h5 {[%emt 0:06:30]} Rhf8 {[%emt 0:04:45]} 24. Rcf1 {[%emt 0:02:52]} Qb8 {[%emt 0:03:17]} 25. f5 {[%emt 0:01:35]} e5 {[%emt 0:01:31]} 26. Nc3 {[%emt 0:00:44]} exd4 {[%emt 0:04:36]} 27. Nxd5+ {[%emt 0:03:03]} Kd8 {[%emt 0:00:06]} 28. exd4 {[%emt 0:00:46]} Nxd4 {[%emt 0:02:22]} 29. Qe4 {[%emt 0:01:47]} Be5 {[%emt 0:02:17]} 30. Bb4 {[%emt 0:14:55]} Rd6 {[%emt 0:04:43]} 31. Rd1 {[%emt 0:03:07]} Nc6 {[%emt 0:01:08]} 32. Bxd6 {[%emt 0:00:46]} Bxd6 {[%emt 0:00:19]} 33. Rhe1 {[%emt 0:00:41]} Nf6 {[%emt 0:01:43]} 34. Nxf6 {[%emt 0:01:38]} Rxf6 {[%emt 0:00:05]} 35. Qe8+ {[%emt 0:06:48]} Kc7 {[%emt 0:00:04]} 36. Qxb8+ {[%emt 0:00:18]} Kxb8 {[%emt 0:00:23]} 37. Be8 {[%emt 0:00:50]} 1-0

[Event "Dutch Open-ch 2019"]
[Site "Dieren"]
[Date "2019.07.26"]
[Round "4.14"]
[White "Van Hoorn, Geert"]
[Black "Ashwath, R.."]
[Result "0-1"]
[WhiteElo "2010"]
[BlackElo "2365"]
[Annotator "NA"]
[PlyCount "58"]
[EventDate "2019.07.23"]
[EventType "swiss"]
[EventCountry "NED"]
[SourceTitle "playchess.com"]
[Source "ChessBase"]
[SourceQuality "1"]
[TimeControl "40/5400+30:1800+30"]

1. e4 {[%emt 0:00:00]} c5 {[%emt 0:03:08]} 2. Ne2 {[%emt 0:00:00]} Nc6 {[%emt 0:00:23]} 3. d4 {[%emt 0:00:00]} cxd4 {[%emt 0:00:34]} 4. Nxd4 {[%emt 0:00:03]} e5 {[%emt 0:04:58]} 5. Nb5 {[%emt 0:00:31]} d6 {[%emt 0:00:05]} 6. N1c3 {[%emt 0:00:53]} a6 $11 {[%emt 0:00:15]} 7. Na3 {[%emt 0:00:04]} Be6 {[%emt 0:01:07]} 8. Nd5 {[%emt 0:02:14]} Nf6 {[%emt 0:14:38]} 9. Bg5 {[%emt 0:00:19]} Bxd5 {[%emt 0:02:12]} 10. Qxd5 {[%emt 0:14:29]} Qb6 {[%emt 0:16:04]} 11. Bxf6 {[%emt 0:09:21]} Qb4+ {[%emt 0:01:21]} 12. Qd2 {[%emt 0:17:04]} Qxb2 {[%emt 0:07:10]} 13. Rd1 {[%emt 0:00:51]} Qxa3 {[%emt 0:00:22]} 14. Bg5 {[%emt 0:00:33]} d5 {[%emt 0:07:32]} 15. Qd3 {[%emt 0:13:47]} Qxa2 {[%emt 0:09:13]} 16. exd5 {[%emt 0:05:04]} Nb4 {[%emt 0:01:46]} 17. Qc4 {[%emt 0:05:58]} Nxc2+ {[%emt 0:02:13]} 18. Kd2 {[%emt 0:00:23]} Bb4+ {[%emt 0:07:48]} 19. Kd3 {[%emt 0:04:40]} Qxc4+ {[%emt 0:01:51]} 20. Kxc4 {[%emt 0:00:16]} Rc8+ {[%emt 0:00:13]} 21. Kb3 {[%emt 0:00:28]} Rc3+ {[%emt 0:00:24]} 22. Kb2 {[%emt 0:00:17]} Nd4 {[%emt 0:00:22]} 23. Be3 {[%emt 0:02:17]} Rc2+ {[%emt 0:02:42]} 24. Kb1 {[%emt 0:00:23]} Bc3 {[%emt 0:00:31]} 25. Rd3 {[%emt 0:01:32]} O-O {[%emt 0:01:20]} 26. d6 {[%emt 0:05:23]} Rd8 {[%emt 0:00:52]} 27. f4 {[%emt 0:00:40]} Rxd6 {[%emt 0:00:23]} 28. Bxd4 {[%emt 0:00:32]} Rb2+ {[%emt 0:00:07]} 29. Kc1 {[%emt 0:00:44]} exd4 {[%emt 0:00:15]} 0-1

[Event "Dutch Open-ch 2019"]
[Site "Dieren"]
[Date "2019.07.26"]
[Round "4.15"]
[White "De Boer, Bas"]
[Black "Neelotpal, Das"]
[Result "0-1"]
[WhiteElo "2117"]
[BlackElo "2406"]
[Annotator "NA"]
[PlyCount "110"]
[EventDate "2019.07.23"]
[EventType "swiss"]
[EventCountry "NED"]
[SourceTitle "playchess.com"]
[Source "ChessBase"]
[SourceQuality "1"]
[TimeControl "40/5400+30:1800+30"]

1. Nf3 {[%emt 0:00:00]} d5 {[%emt 0:00:08]} 2. e3 {[%emt 0:00:00]} Nf6 {[%emt 0:00:45]} 3. c4 {[%emt 0:00:00]} e6 {[%emt 0:00:55]} 4. Nc3 {[%emt 0:00:03]} c6 {[%emt 0:00:49]} 5. d4 {[%emt 0:00:33]} Nbd7 {[%emt 0:00:04]} 6. Qc2 {[%emt 0:00:41]} Bd6 {[%emt 0:00:05]} 7. Bd3 {[%emt 0:00:12]} O-O {[%emt 0:00:13]} 8. O-O {[%emt 0:00:12]} dxc4 {[%emt 0:00:11]} 9. Bxc4 {[%emt 0:00:09]} b5 {[%emt 0:00:02]} 10. Be2 {[%emt 0:00:14]} Qe7 {[%emt 0:00:04]} 11. Rd1 {[%emt 0:07:36]} b4 {[%emt 0:26:23]} 12. Ne4 {[%emt 0:04:29]} Nxe4 {[%emt 0:00:09]} 13. Qxe4 {[%emt 0:00:03]} Bb7 {[%emt 0:00:42]} 14. Bd2 {[%emt 0:05:20]} Nf6 {[%emt 0:05:21]} 15. Qh4 $11 {[%emt 0:03:12]} c5 {[%emt 0:02:11]} 16. Rac1 {[%emt 0:04:10]} Rac8 {[%emt 0:09:30]} 17. dxc5 {[%emt 0:03:06]} Bxc5 {[%emt 0:00:36]} 18. Rxc5 {[%emt 0:13:35]} Qxc5 {[%emt 0:03:05]} 19. Bxb4 {[%emt 0:02:44]} Qc2 {[%emt 0:00:14]} 20. Nd4 {[%emt 0:00:05]} Qg6 {[%emt 0:04:32]} 21. Qh3 {[%emt 0:04:28]} Rfd8 {[%emt 0:01:21]} 22. f4 {[%emt 0:05:08]} Be4 {[%emt 0:05:53]} 23. Rf1 {[%emt 0:03:31]} Nd5 {[%emt 0:08:16]} 24. Bd2 {[%emt 0:00:15]} Ne7 {[%emt 0:00:55]} 25. g4 {[%emt 0:07:02]} Nc6 {[%emt 0:11:52]} 26. Bc3 {[%emt 0:02:10]} Nxd4 {[%emt 0:00:35]} 27. exd4 {[%emt 0:00:58]} Bd5 {[%emt 0:02:01]} 28. Bd3 {[%emt 0:00:38]} f5 {[%emt 0:00:17]} 29. g5 {[%emt 0:01:30]} Bc4 {[%emt 0:02:35]} 30. Bxc4 {[%emt 0:01:36]} Rxc4 {[%emt 0:00:07]} 31. Qf3 {[%emt 0:01:29]} Rd5 {[%emt 0:03:43]} 32. Re1 {[%emt 0:02:32]} h5 {[%emt 0:02:49]} 33. h4 {[%emt 0:00:37]} Qf7 {[%emt 0:00:21]} 34. Qd3 {[%emt 0:04:22]} Rc6 {[%emt 0:00:52]} 35. Kf2 {[%emt 0:02:38]} g6 {[%emt 0:00:16]} 36. Re3 {[%emt 0:04:37]} Qd7 {[%emt 0:00:29]} 37. Kg3 {[%emt 0:02:29]} Kf7 {[%emt 0:00:07]} 38. a3 {[%emt 0:01:38]} Qb7 {[%emt 0:02:27]} 39. Qe2 {[%emt 0:02:24]} Qc7 {[%emt 0:02:21]} 40. Qf3 {[%emt 0:02:22]} Qd7 {[%emt 0:01:01]} 41. Qe2 {[%emt 0:32:07]} Rb6 {[%emt 0:33:05]} 42. Qc4 {[%emt 0:01:22]} a5 {[%emt 0:00:00]} 43. Re5 {[%emt 0:00:00]} a4 {[%emt 0:00:00]} 44. Kf2 {[%emt 0:00:00]} Rbd6 {[%emt 0:00:00]} 45. Ke3 {[%emt 0:00:00]} Rxe5+ {[%emt 0:00:00]} 46. fxe5 {[%emt 0:00:00]} Qc6 {[%emt 0:00:00]} 47. Qd3 {[%emt 0:00:00]} Rd7 {[%emt 0:00:00]} 48. Qc2 {[%emt 0:00:00]} Kg7 {[%emt 0:00:00]} 49. Qd3 {[%emt 0:00:00]} f4+ {[%emt 0:00:00]} 50. Kf2 {[%emt 0:00:00]} Qh1 {[%emt 0:00:00]} 51. Qb5 {[%emt 0:00:00]} Qxh4+ {[%emt 0:00:00]} 52. Kf1 {[%emt 0:00:00]} Qh3+ {[%emt 0:00:27]} 53. Kf2 {[%emt 0:00:00]} Qg3+ {[%emt 0:00:52]} 54. Kf1 {[%emt 0:00:00]} Rf7 {[%emt 0:00:17]} 55. d5 {[%emt 0:00:00]} f3 {[%emt 0:00:52]} 0-1